Statystyki dla Największe miasto w USA według stanu z mapą

Kliknij tutaj aby rozwiązać quiz!

Ogólne statystyki

  • Ten quiz został rozwiązany 5 036 razy
  • Średni wynik to 14 z 50

Odpowiedzi na mapie

Odpowiedzi skodowane kolorowo w zielono-czerwonej skali na mapie do tego quizu, zgodnie z poniższymi procentami.
 

Statystyki odpowiedzi

StanMiasto% Poprawnych
Nowy JorkNowy Jork
95%
KaliforniaLos Angeles
87%
IllinoisChicago
72%
NevadaLas Vegas
60%
MassachusettsBoston
55%
WaszyngtonSeattle
55%
TeksasHouston
50%
HawajeHonolulu
49%
MichiganDetroit
44%
KoloradoDenver
42%
LuizjanaNowy Orlean
42%
GeorgiaAtlanta
41%
ArizonaPhoenix
41%
PensylwaniaFiladelfia
40%
MainePortland
34%
OregonPortland
34%
IndianaIndianapolis
32%
UtahSalt Lake City
32%
OklahomaOklahoma City
30%
MissouriKansas City
29%
MissisipiJackson
27%
MinnesotaMinneapolis
26%
AlaskaAnchorage
24%
FlorydaJacksonville
24%
Karolina PółnocnaCharlotte
23%
Nowy MeksykAlbuquerque
21%
OhioColumbus
20%
WisconsinMilwaukee
20%
TennesseeNashville
20%
MarylandBaltimore
18%
IdahoBoise
14%
NebraskaOmaha
12%
Rhode IslandProvidence
12%
AlabamaBirmingham
11%
ArkansasLittle Rock
11%
KentuckyLouisville
11%
WyomingCheyenne
10%
IowaDes Moines
10%
Wirginia ZachodniaCharleston
9%
Karolina PołudniowaColumbia
9%
New JerseyNewark
9%
MontanaBillings
8%
Dakota PółnocnaFargo
8%
Dakota PołudniowaSioux Falls
8%
KansasWichita
8%
New HampshireManchester
6%
WirginiaVirginia Beach
6%
ConnecticutBridgeport
5%
VermontBurlington
5%
DelawareWilmington
5%

Rozkład punktacji

Percentyl według liczby udzielonych odpowiedzi

Procent ludzi z każdym wynikiem

Twoja historia wyników

Nie rozwiązałeś tego quizu